书目信息 |
| 题名: |
玄机揭秘
|
|
| 作者: | 祝永华 主编 | |
| 分册: | ||
| 出版信息: | 北京 科学普及出版社 1997.10 |
|
| 页数: | 129页 | |
| 开本: | 32开 | |
| 丛书名: | ||
| 单 册: | ||
| 中图分类: | B917-44 | |
| 科图分类: | ||
| 主题词: | 无神论 | |
| 电子资源: | ||
| ISBN: | 7-110-04268-5 | |
| 000 | 00532nam0 2200193 45 | |
| 001 | 0010241803 | |
| 005 | 20001024185125.0 | |
| 010 | @a7-110-04268-5@d6.00元 | |
| 100 | @a20001024d1997 km y0chiy0120 ea | |
| 101 | 0 | @achi |
| 105 | @a z 000yy | |
| 200 | 1 | @a玄机揭秘@AXuan Ji Jie Mi@f祝永华主编@FZhu Yong Hua Zhu Bian |
| 210 | @a北京@c科学普及出版社@d1997.10 | |
| 215 | @a129页@d32开 | |
| 606 | 0 | @a无神论 |
| 690 | @aB917-44@v3 | |
| 701 | 0 | @a祝永华@4主编 |
| 801 | @aCN@bPftUser@c20001024 | |
| 905 | @b186779-783@dB917-44@eZH335@f5 | |
| 玄机揭秘/祝永华主编.-北京:科学普及出版社,1997.10 |
| 129页;32开 |
| ISBN 7-110-04268-5:6.00元 |
| ● |
| 相关链接 |
|
|
|
正题名:玄机揭秘
索取号:B917-44/ZH335
 
预约/预借
| 序号 | 登录号 | 条形码 | 馆藏地/架位号 | 状态 | 备注 |
| 1 | 186779 | 201867792 | 自科二线400A/ [索取号:B917-44/ZH335] | 在馆 | |
| 2 | 186780 | 201867809 | 自科二线400A/400A自科库 11排3列3层/ [索取号:B917-44/ZH335] | 在馆 | |
| 3 | 186781 | 201867818 | 自科二线400A/400A自科库 12排2列2层/ [索取号:B917-44/ZH335] | 在馆 | |
| 4 | 186782 | 201867827 | 自科二线400A/400A自科库 12排3列2层/ [索取号:B917-44/ZH335] | 在馆 | |
| 5 | 186783 | 201867836 | 自科二线400A/400A自科库 12排2列3层/ [索取号:B917-44/ZH335] | 在馆 |